[Event "Naumburg Osteropen 9th"]
[Site "Naumburg Saale"]
[Date "2014.04.20"]
[Round "4.13"]
[White "Kuehne, Niklas"]
[Black "Huenermund, Lars"]
[Result "0-1"]
[WhiteElo "1768"]
[BlackElo "1718"]
[PlyCount "70"]
[EventDate "2014.04.19"]
[EventType "swiss"]
[EventRounds "5"]
[EventCountry "GER"]
[SourceTitle "EXT 2020"]
[Source "ChessBase"]
[SourceDate "2019.10.17"]
[SourceVersion "1"]
[SourceVersionDate "2019.10.17"]
[SourceQuality "1"]

1. c4 e5 2. Nc3 Nf6 3. g3 Nc6 4. Bg2 d6 5. e3 Be6 6. b3 Qd7 7. d4 Bg4 8. f3 exd4 9. exd4 Bf5 10. Nge2 Be7 11. 0-0 0-0 12. d5 Ne5 13. Nd4 Bh3 14. Qc2 Bxg2 15. Kxg2 c5 16. Nf5 a6 17. Re1 Rae8 18. Bb2 Bd8 19. f4 Ng6 20. h3 Ba5 21. Rxe8 Rxe8 22. Rf1 b5 23. Rf2 Bxc3 24. Bxc3 Ne4 25. Nxg7 Nxf2 26. Nxe8 Qxh3+ 27. Kf3 Nh1 28. Nf6+ Kf8 29. Nd7+ Ke7 30. Nb8 Qf1+ 31. Kg4 Nf2+ 32. Kg5 h6+ 33. Kxh6 Qh3+ 34. Kg5 Qxg3+ 35. Kh6 Qh4+ 0-1

[Event "Naumburg Osteropen 9th"]
[Site "Naumburg Saale"]
[Date "2014.04.19"]
[Round "1.4"]
[White "Woll, Wilfried"]
[Black "Kuehne, Niklas"]
[Result "1/2-1/2"]
[WhiteElo "2109"]
[BlackElo "1768"]
[PlyCount "79"]
[EventDate "2014.04.19"]
[EventType "swiss"]
[EventRounds "5"]
[EventCountry "GER"]
[SourceTitle "EXT 2020"]
[Source "ChessBase"]
[SourceDate "2019.10.17"]
[SourceVersion "1"]
[SourceVersionDate "2019.10.17"]
[SourceQuality "1"]

1. c4 e6 2. g3 Nf6 3. Bg2 d5 4. Nf3 c6 5. b3 Bd6 6. Bb2 Nbd7 7. 0-0 0-0 8. Nc3 Re8 9. d3 e5 10. cxd5 cxd5 11. Nd2 Nb6 12. h3 Bd7 13. e4 d4 14. Ne2 Bb5 15. Nc4 Bxc4 16. bxc4 Nfd7 17. f4 f6 18. Rf2 Nc5 19. Kh1 Qe7 20. Bc1 Nca4 21. Ng1 Kh8 22. Nf3 Qc7 23. Nh4 Nc3 24. Qh5 Kg8 25. Bf1 Qf7 26. Qg4 Nd7 27. Nf5 Qf8 28. Bd2 Rad8 29. h4 Nc5 30. h5 Kh8 31. Nh4 Qf7 32. Bxc3 dxc3 33. Rc1 Na4 34. Qd1 Bc5 35. Rh2 Qd7 36. Bh3 Qc6 37. Nf5 Nb2 38. Qg4 Bf8 39. Rxc3 Nxd3 40. Re2 1/2-1/2

[Event "GER-ch U16"]
[Site "Oberhof"]
[Date "2012.06.01"]
[Round "8"]
[White "Schreiber, Kevin"]
[Black "Kuehne, Niklas"]
[Result "1/2-1/2"]
[WhiteElo "1948"]
[BlackElo "1753"]
[PlyCount "76"]
[EventDate "2012.05.27"]
[EventType "swiss"]
[EventRounds "9"]
[EventCountry "GER"]
[SourceTitle "CBM 148 Extra"]
[Source "ChessBase"]
[SourceDate "2012.06.22"]
[SourceVersion "1"]
[SourceVersionDate "2012.06.22"]
[SourceQuality "1"]

1. d4 d5 2. Nf3 Nf6 3. c4 e6 4. e3 Be7 5. b3 0-0 6. Bd3 Nbd7 7. 0-0 b6 8. Bb2 Bb7 9. Nc3 Re8 10. Qe2 Rc8 11. Rfd1 c6 12. Rac1 Bd6 13. e4 Bf4 14. e5 Ne4 15. Nxe4 Bxc1 16. Nd6 Bxb2 17. Qxb2 Ba8 18. cxd5 exd5 19. Qc2 Nf8 20. Nxc8 Qxc8 21. Rc1 Qd7 22. b4 h6 23. a4 Ne6 24. Bf5 Rc8 25. Nd2 Qe7 26. Qb2 Qh4 27. Bxe6 fxe6 28. Nb3 Qe7 29. Qc3 Bb7 30. h3 Ba6 31. Nd2 Qf7 32. Qf3 Qxf3 33. Nxf3 Bc4 34. Nd2 c5 35. dxc5 bxc5 36. bxc5 Rxc5 37. Nxc4 dxc4 38. Rc3 g5 1/2-1/2

[Event "GER-ch U16"]
[Site "Oberhof"]
[Date "2012.05.29"]
[Round "4"]
[White "Kuehne, Niklas"]
[Black "Koop, Thorben"]
[Result "0-1"]
[WhiteElo "1753"]
[BlackElo "2103"]
[PlyCount "54"]
[EventDate "2012.05.27"]
[EventType "swiss"]
[EventRounds "9"]
[EventCountry "GER"]
[SourceTitle "CBM 148 Extra"]
[Source "ChessBase"]
[SourceDate "2012.06.22"]
[SourceVersion "1"]
[SourceVersionDate "2012.06.22"]
[SourceQuality "1"]

1. c4 Nf6 2. Nc3 g6 3. g3 Bg7 4. Bg2 0-0 5. e3 c6 6. Nge2 d6 7. 0-0 Bg4 8. h3 Be6 9. b3 d5 10. cxd5 Nxd5 11. Ba3 Qa5 12. Qc1 Nd7 13. Nxd5 Bxd5 14. Bb2 Bxg2 15. Kxg2 Qd5+ 16. Kh2 Bxb2 17. Qxb2 Ne5 18. Nf4 Nf3+ 19. Kg2 Qxd2 20. Qa3 e5 21. Rfd1 Qc2 22. Kxf3 exf4 23. gxf4 Qf5 24. Kg3 Rfe8 25. Rd2 g5 26. fxg5 Qxg5+ 27. Kh2 Qe5+ 0-1

[Event "GER-ch U25"]
[Site "Oberhof"]
[Date "2010.05.27"]
[Round "7"]
[White "Kuehne, Niklas"]
[Black "Wang, Julia"]
[Result "1-0"]
[WhiteElo "1652"]
[BlackElo "1722"]
[PlyCount "127"]
[EventDate "2010.05.22"]
[EventType "swiss"]
[EventRounds "9"]
[EventCountry "GER"]
[SourceTitle "CBM 136 Extra"]
[Source "ChessBase"]
[SourceDate "2010.07.02"]
[SourceVersion "2"]
[SourceVersionDate "2010.07.15"]
[SourceQuality "1"]

1. c4 e5 2. Nc3 Nc6 3. g3 Bc5 4. Bg2 d6 5. e3 f5 6. Nge2 Nf6 7. 0-0 0-0 8. d4 Bb6 9. Re1 Qe8 10. a3 a5 11. b3 Qg6 12. f4 e4 13. Bd2 Bd7 14. Na4 Ba7 15. c5 dxc5 16. Nxc5 Bc8 17. b4 b6 18. Qb3+ Kh8 19. Ne6 Qf7 20. d5 Re8 21. dxc6 Bxe6 22. Qb2 axb4 23. axb4 b5 24. Nd4 Bxd4 25. Qxd4 Rad8 26. Qb2 Rd6 27. Bf1 Red8 28. Bc3 Bc4 29. Ra6 Bxf1 30. Bxf6 Rxf6 31. Rxf1 Qc4 32. Rc1 Qd3 33. Ra3 Qd5 34. Rac3 Kg8 35. Qb3 Qxb3 36. Rxb3 Rd3 37. Rxd3 exd3 38. Kf2 Rd6 39. Kf3 Kf7 40. e4 fxe4+ 41. Kxe4 d2 42. Rd1 Ke6 43. Ke3 Rd5 44. Rxd2 Rxd2 45. Kxd2 Kd5 46. Kd3 Kxc6 47. Kd4 Kd6 48. g4 c5+ 49. bxc5+ Kc6 50. f5 h6 51. h3 b4 52. Kc4 b3 53. Kxb3 Kxc5 54. Kc3 Kd5 55. Kd3 Ke5 56. Ke3 Kf6 57. Kf4 g5+ 58. Ke4 Kf7 59. Ke5 Ke7 60. f6+ Kf8 61. Ke6 Ke8 62. f7+ Kf8 63. Kf6 h5 64. Kg6 1-0

[Event "GER-ch U25"]
[Site "Oberhof"]
[Date "2010.05.25"]
[Round "4"]
[White "Kuehne, Niklas"]
[Black "Erben, Katrin"]
[Result "1-0"]
[WhiteElo "1652"]
[BlackElo "1044"]
[PlyCount "93"]
[EventDate "2010.05.22"]
[EventType "swiss"]
[EventRounds "9"]
[EventCountry "GER"]
[SourceTitle "CBM 136 Extra"]
[Source "ChessBase"]
[SourceDate "2010.07.02"]
[SourceVersion "2"]
[SourceVersionDate "2010.07.15"]
[SourceQuality "1"]

1. c4 e5 2. Nc3 Nc6 3. g3 Nf6 4. Bg2 Bb4 5. Nf3 d6 6. 0-0 0-0 7. d3 h6 8. Bd2 Bg4 9. a3 Bxc3 10. Bxc3 Re8 11. e4 Qd7 12. Qd2 b6 13. b4 a6 14. a4 Reb8 15. Rfc1 Qe6 16. Ne1 Ne7 17. Nc2 c5 18. b5 a5 19. Ne3 Bh3 20. Rf1 Bxg2 21. Kxg2 Ng4 22. f4 Nxe3+ 23. Qxe3 f6 24. f5 Qf7 25. Qf3 Rf8 26. Bd2 g5 27. h4 Kg7 28. Rh1 Rh8 29. Rh2 Rh7 30. Rah1 Rah8 31. g4 Qg8 32. Rh3 Kf7 33. Kf2 Kg7 34. Rb1 Qa8 35. Qh1 Qa7 36. Qc1 Rg8 37. Qb2 Rc8 38. Kf3 Qa8 39. Be3 Rhh8 40. Rbh1 Qb7 41. Qh2 Qa8 42. hxg5 hxg5 43. Rh7+ Kf8 44. Rxh8+ Ng8 45. Rxg8+ Kxg8 46. Qh8+ Kf7 47. Rh7# 1-0

[Event "GER-ch U25"]
[Site "Oberhof"]
[Date "2010.05.25"]
[Round "5"]
[White "Yin, Stanley"]
[Black "Kuehne, Niklas"]
[Result "1-0"]
[WhiteElo "1976"]
[BlackElo "1652"]
[PlyCount "63"]
[EventDate "2010.05.22"]
[EventType "swiss"]
[EventRounds "9"]
[EventCountry "GER"]
[SourceTitle "CBM 136 Extra"]
[Source "ChessBase"]
[SourceDate "2010.07.02"]
[SourceVersion "2"]
[SourceVersionDate "2010.07.15"]
[SourceQuality "1"]

1. c4 c5 2. g3 Nc6 3. Bg2 Nf6 4. Nf3 g6 5. b3 Bg7 6. Bb2 0-0 7. 0-0 d6 8. e3 Bd7 9. d4 b6 10. d5 Na5 11. Nbd2 e5 12. dxe6 fxe6 13. Ng5 Rc8 14. f4 Qe7 15. Nde4 Nxe4 16. Bxg7 Kxg7 17. Nxe4 Bc6 18. Qxd6 Qxd6 19. Nxd6 Bxg2 20. Kxg2 Rcd8 21. Rad1 Kg8 22. Nb5 a6 23. Nc7 Rxd1 24. Rxd1 Rf7 25. Rd8+ Kg7 26. Nxe6+ Kh6 27. Ng5 Re7 28. e4 b5 29. cxb5 axb5 30. Rd5 Rc7 31. Ne6 Re7 32. Nxc5 1-0

[Event "GER-ch U25"]
[Site "Oberhof"]
[Date "2010.05.24"]
[Round "3"]
[White "Weber, Max"]
[Black "Kuehne, Niklas"]
[Result "1-0"]
[WhiteElo "1888"]
[BlackElo "1652"]
[PlyCount "97"]
[EventDate "2010.05.22"]
[EventType "swiss"]
[EventRounds "9"]
[EventCountry "GER"]
[SourceTitle "CBM 136 Extra"]
[Source "ChessBase"]
[SourceDate "2010.07.02"]
[SourceVersion "2"]
[SourceVersionDate "2010.07.15"]
[SourceQuality "1"]

1. d4 d5 2. c4 e6 3. Nf3 Nf6 4. g3 Nbd7 5. Bg2 dxc4 6. Nbd2 Nb6 7. Nxc4 c6 8. Qc2 Be7 9. 0-0 0-0 10. Rd1 Nxc4 11. Qxc4 Bd7 12. Ne5 Qb6 13. Bg5 Rad8 14. e4 h6 15. Be3 Qb4 16. Qxb4 Bxb4 17. h3 Bc8 18. a3 Ba5 19. Nc4 Bc7 20. Rac1 Bb8 21. Bf3 Rfe8 22. Bf4 Bxf4 23. gxf4 Re7 24. Rd2 Red7 25. e5 Ne8 26. Rcd1 Nc7 27. a4 Kf8 28. Kg2 Ke7 29. Be4 g6 30. Na5 Nd5 31. Bxd5 cxd5 32. Rc2 b6 33. Nc6+ Ke8 34. Rdc1 Ba6 35. Nxd8 Kxd8 36. b3 h5 37. Rc6 Bd3 38. Rc8+ Ke7 39. R1c7 a6 40. Rc6 b5 41. a5 b4 42. Rb6 Bb5 43. Kg3 Ra7 44. Rcb8 Rc7 45. R8b7 Kd7 46. Kh4 Kd8 47. Rxc7 Kxc7 48. Kg5 Bf1 49. h4 1-0

[Event "Jena Schwarzer Baer op"]
[Site "Jena"]
[Date "2009.02.05"]
[Round "2"]
[White "Hahnewald, Uwe"]
[Black "Kuehne, Niklas"]
[Result "1-0"]
[WhiteElo "1683"]
[BlackElo "1269"]
[PlyCount "79"]
[EventDate "2009.02.04"]
[EventType "swiss"]
[EventRounds "7"]
[EventCountry "GER"]
[SourceTitle "EXT 2010"]
[Source "ChessBase"]
[SourceDate "2010.11.25"]
[SourceVersion "1"]
[SourceVersionDate "2010.11.25"]
[SourceQuality "1"]

1. e4 c5 2. c3 Nc6 3. d4 cxd4 4. cxd4 d5 5. exd5 Qxd5 6. Nf3 Bg4 7. Nc3 Qe6+ 8. Be3 Bxf3 9. Qxf3 Qf6 10. Qe4 Qe6 11. Qxe6 fxe6 12. Bc4 e5 13. dxe5 Nxe5 14. Bb5+ Kf7 15. 0-0 Nf6 16. Rfd1 e6 17. Bd4 Ng6 18. Be2 Be7 19. Bf3 Rhb8 20. Nb5 a5 21. Nc7 Ra6 22. Nxa6 bxa6 23. Rac1 e5 24. Bc3 a4 25. g3 a3 26. b3 Bb4 27. Bxb4 Rxb4 28. Rc4 a5 29. Kf1 e4 30. Be2 Ne7 31. Rxb4 axb4 32. Rd4 Ned5 33. Bc4 Ke6 34. Bxd5+ Nxd5 35. Rxe4+ Kf5 36. Rd4 Ke5 37. Rc4 g5 38. Ke2 Nc3+ 39. Rxc3 bxc3 40. Kd3 1-0

[Event "GER-ch U12"]
[Site "Willingen"]
[Date "2008.05.12"]
[Round "3"]
[White "Kuehne, Niklas"]
[Black "Scheel, Henrik"]
[Result "0-1"]
[WhiteElo "1283"]
[BlackElo "1481"]
[PlyCount "84"]
[EventDate "2008.05.11"]
[EventType "swiss"]
[EventRounds "11"]
[EventCountry "GER"]
[SourceTitle "CBM 124 Extra"]
[Source "ChessBase"]
[SourceDate "2008.07.03"]
[SourceVersion "1"]
[SourceVersionDate "2008.07.03"]
[SourceQuality "1"]

1. c4 e5 2. Nc3 Nf6 3. Nf3 Nc6 4. g3 d6 5. Bg2 Be7 6. 0-0 Bf5 7. d4 exd4 8. Nxd4 Nxd4 9. Qxd4 c6 10. Bf4 Qb6 11. Qxb6 axb6 12. Be3 Nd7 13. b4 Bf6 14. Bd2 Be6 15. b5 Bxc4 16. bxc6 bxc6 17. Bxc6 Rc8 18. Bxd7+ Kxd7 19. Rac1 Bxc3 20. Bxc3 Bxa2 21. Bxg7 Rxc1 22. Rxc1 Rc8 23. Rxc8 Kxc8 24. Kf1 Kd7 25. Ke1 Ke6 26. Bd4 b5 27. Kd2 Kd5 28. e3 Ke4 29. Ke1 Bc4 30. Ba1 Kd3 31. Kd1 Bb3+ 32. Ke1 Kc2 33. Ke2 Bd5 34. f4 b4 35. h4 f5 36. Bd4 b3 37. Bf6 Be4 38. Kf2 b2 39. Bxb2 Kxb2 40. Kg1 Kc3 41. Kf1 Kd3 42. Kf2 Kd2 0-1